000 00636nam a2200241Ia 4500
003 OSt
005 20220926014519.0
006 a|||||r|||| 00| 0
007 ta
008 220923b |||||||| |||| 00| 0 eng d
037 _cGeneral Book
040 _aRTL
_cRTL
_beng
041 _2eng
_aeng
082 _aB43, L3
100 _aRudin Walter
_9150919
245 0 _aFunctional analysis
260 _aNew York
_bMcGraw-Hill
_c1973
300 _axiii,397p.
_ccm.
500 _aBibliography: P 384-385
650 _aFunctional Analysis
942 _hB43, L3
_cGB
_2CC
999 _c629243
_d629243